Pokémon-tunnusmusiikin sanat - Statistics

Yleistilastot
  • Tätä visaa on pelattu 687 kertaa
    554 viimeisimmän päivityksen jälkeen
  • Keskiarvotulos 24 / 44
Vastaustilastot
Vastaus % Oikein
Pokémon
93%
jo
81%
sen
81%
77%
77%
tunnen
77%
kasvavan
75%
voiman
75%
sisälläin
74%
saa
71%
ja
69%
Ja
69%
Omakseni
66%
omakseni
66%
saan
63%
teen
57%
pystypäin
54%
Me
53%
aina
51%
haasteen
50%
Uuden
50%
toteutan
49%
jokaisen
48%
yhdessä
48%
voitetaan
47%
Pokémonin
46%
mun
45%
ystäväin
45%
opin
44%
tuntemaan
44%
Oot
43%
vaan
43%
vierelläin
43%
huippujen
42%
vuorten
41%
olet
40%
etsin
39%
Takaa
38%
toistaan
34%
Toinen
33%
opettaa
32%
rohkeus
31%
niin
29%
palkan
27%
Ehtoja vastaavia visoja ei löytynyt
Tulosjakauma
Jokaisen tuloksen saaneiden osuus
Persentiili vastausten määrän mukaan
Tuloshistoriasi
Et ole pelannut tätä visaa sen viimeisimmän päivityksen jälkeen